000 00446nam a2200181Ia 4500
001 17689
005 20260306171535.0
008 260306s9999||||xx |||||||||||||| ||und||
041 _aESP
082 _a658.15
_bE92
100 _aEstupiñán Gaitán, Rodrigo
_eAUT
245 0 _aAnálisis financiero y de gestión
260 _c2006
300 _axxx, 406 páginas :
_c24 cm.
650 _aGEN
654 _aCAN
942 _cLIB
_dJUS
_fJUS
_2ddc
_n
999 _c17689
_d17689